Property authorised investment funds (Record no. 107321)

MARC details
000 -LEADER
fixed length control field 01137cam a22002055a 4500
001 - CONTROL NUMBER
control field L139634
008 - FIXED-LENGTH DATA ELEMENTS--GENERAL INFORMATION
fixed length control field 070801s2007 xxk f f000 0 eng d
035 ## - SYSTEM CONTROL NUMBER
System control number (Sirsi) u139634
041 0# - LANGUAGE CODE
Language code of text/sound track or separate title eng
050 04 - LIBRARY OF CONGRESS CALL NUMBER
Classification number 332.6324 $2 18
110 1# - MAIN ENTRY--CORPORATE NAME
Corporate name or jurisdiction name as entry element United Kingdom
Subordinate unit HM Treasury
245 00 - TITLE STATEMENT
Title Property authorised investment funds
Remainder of title a discussion paper
Medium [electronic resource]
260 ## - PUBLICATION, DISTRIBUTION, ETC.
Place of publication, distribution, etc. London
Name of publisher, distributor, etc. HM Treasury
Date of publication, distribution, etc. 2007
520 ## - SUMMARY, ETC.
Summary, etc. Outlines the Government's current view on the proposed taxation of Property Authorised Investment Funds (PAIFs). Presents partial draught Regulations which deliver certain parts of the framework as set out in an earlier report (L139633). Outlines how the Government aims to take further the remaining parts of the framework. The government aims to have a new framework in place by April 2008.
590 ## - LOCAL NOTE (RLIN)
Local note KA
651 #4 - SUBJECT ADDED ENTRY--GEOGRAPHIC NAME
Geographic name United Kingdom
Chronological subdivision
690 ## - LOCAL SUBJECT ADDED ENTRY--TOPICAL TERM (OCLC, RLIN)
Topical term or geographic name as entry element PROPERTY-COMMERCIAL PROPERTY-COMMERCIAL PROPERTY FINANCE AND INVESTMENT
856 40 - ELECTRONIC LOCATION AND ACCESS
Uniform Resource Identifier <a href="https://www.hm-treasury.gov.uk/consultations_and_legislation/property/consult_property_index.cfm">https://www.hm-treasury.gov.uk/consultations_and_legislation/property/consult_property_index.cfm</a>
Public note View the article free of charge at www.hm-treasury.gov.uk...
942 ## - ADDED ENTRY ELEMENTS (KOHA)
Suppress in OPAC 0
Holdings
Withdrawn status Lost status Source of classification or shelving scheme Damaged status Not for loan Home library Current library Shelving location Date acquired Total Checkouts Full call number Barcode Date last seen Copy number Price effective from Koha item type
    Dewey Decimal Classification     Virtual Virtual Online 01/08/2007   ONLINE PUBLICATION 139634-1001 06/08/2019 1 06/08/2019 Book